Los gobernantes de Nueva Galicia : datos y documentos para sus biografías /

Guardado en:
Detalles Bibliográficos
Autor principal: Iguíniz, Juan B. (autor)
Otros autores: Olveda, Jaime (presentación) (presentación), Villaseñor y Villaseñor, Ramiro (estudio) (estudio)
Formato: Libro
Idioma:Español
Publicado: Guadalajara, México : Gobierno del Estado de Jalisco, Secretaría General de Gobierno, 1981, c1981
Etiquetas: Agrega una etiqueta
Sin etiquetas, Sé el primero en etiquetar este registro!

MARC

LEADER 00000nam^a2200000^a^4500
001 000621558
005 20260220000000.0
009 20260310133901.824
020 |a 968-832-015-3 
037 |a Acervo ITESO - Biblioteca 
041 |a ESP 
091 |a FOB. 01765 
100 |a Iguíniz, Juan B.  |e (autor) 
245 1 4 |a Los gobernantes de Nueva Galicia :  |b datos y documentos para sus biografías / 
264 4 |a Guadalajara, México :  |b Gobierno del Estado de Jalisco, Secretaría General de Gobierno,  |c 1981, c1981 
300 |a 190 p. 
336 |a texto  |b txt  |2 rdacontenido 
337 |a sin mediación  |b n  |2 rdamedio 
338 |a volumen  |b nc  |2 rdasoporte 
649 |a XX 
700 |a Olveda, Jaime  |e (presentación) 
700 |a Villaseñor y Villaseñor, Ramiro  |e (estudio) 
910 |a Fondo Carlos de Obeso Orendain 
920 |a Impresos - Libros 
930 |a Fondos Especiales 
905 |a 147 
901 |a 621558-10  |b IT2  |c ESP  |i D  |u 20250924 
902 |a https://opac.biblio.iteso.mx/vufind/Record/000621558